15 największych miast w Europie - Statystyki

Ogólne statystyki
  • Ten quiz został rozwiązany 45 razy
  • Średni wynik to 11 z 15
Statystyki odpowiedzi
Hint Odpowiedź % Poprawnych
4 Paryż
95%
1 Berlin
93%
2 Madryt
93%
7 Warszawa
88%
10 Barcelona
83%
3 Rzym
83%
6 Bukareszt
71%
13 Praga
71%
9 Budapeszt
69%
12 Mediolan
67%
5 Wiedeń
67%
11 Monachium
64%
14 Sofia
50%
8 Hamburg
45%
15 Kolonia
21%
Nie znaleziono quizów pasujących do podanych kryteriów
Rozkład punktacji
Procent ludzi z każdym wynikiem
Percentyl według liczby udzielonych odpowiedzi
Twoja historia wyników
Nie rozwiązałeś tego quizu